The art of public speaking / (Record no. 71709)

MARC details
000 -LEADER
fixed length control field 01063nam a22002777a 4500
005 - DATE AND TIME OF LATEST TRANSACTION
control field 20121129114635.0
008 - FIXED-LENGTH DATA ELEMENTS--GENERAL INFORMATION
fixed length control field 121129t xxu||||| |||| 00| 0 eng d
010 ## - LCCN (DPL NO)
LC control number ENG-106245
020 ## - INTERNATIONAL STANDARD BOOK NUMBER
International Standard Book Number 9781259029127
Terms of availability 799.00
020 ## - INTERNATIONAL STANDARD BOOK NUMBER
International Standard Book Number 1259029123
Terms of availability 799.00
035 ## - SYSTEM CONTROL NUMBER
System control number EN-89778
037 ## - SOURCE OF ACQUISITION
Source of stock number/acquisition DBAD/PUB
040 ## - CATALOGING SOURCE
Original cataloging agency DPL
Language of cataloging Eng
082 00 - DEWEY DECIMAL CLASSIFICATION NUMBER
Classification number 808.51
Edition number 23
100 1# - MAIN ENTRY--PERSONAL NAME
Personal name Lucas, Stephen,
Dates associated with a name 1946-
9 (RLIN) 53910
245 14 - TITLE STATEMENT
Title The art of public speaking /
Statement of responsibility, etc by Stephen E. Lucas
250 ## - EDITION STATEMENT
Edition statement 10th ed
260 ## - PUBLICATION, DISTRIBUTION, ETC. (IMPRINT)
Place of publication, distribution, etc New Delhi
Name of publisher, distributor, etc Tata McGraw-Hill
Date of publication, distribution, etc c2012
270 ## - ADDRESS
Address 7 West patel Nagar
City New Delhi
Postal code 110008
300 ## - PHYSICAL DESCRIPTION
Extent various pagings :
Other physical details col. ill.
Dimensions 26cm(pbk)
500 ## - GENERAL NOTE
General note Includes bibliographical references and index.
650 #0 - SUBJECT ADDED ENTRY--TOPICAL TERM
Topical term or geographic name as entry element Public speaking.
9 (RLIN) 53911
942 ## - ADDED ENTRY ELEMENTS (KOHA)
Source of classification or shelving scheme Dewey Decimal Classification
Item type English Books
Classification part 808.51
Call number suffix LUC
Holdings
Withdrawn status Lost status Source of classification or shelving scheme Damaged status Not for loan Collection code Home library Current library Date acquired Source of acquisition Cost, normal purchase price Total Checkouts Full call number Barcode Date last seen Copy number Cost, replacement price Koha item type
    Dewey Decimal Classification   Not For Loan Non-fiction D.B.Act.Division D.B.Act.Division 29/11/2012 DBAD/PUB 799.00   808.51 LUC EN-89778 29/11/2012 1 799.00 English Books

© Delhi Public Library
Hit Counter
free hit counter